Aplikácia Shift-Share analýzy pre identifikáciu odvetví vhodných pre vznik klastrov v Trenčianskom kraji

Identifikácia potenciálnych odvetví Trenčianskeho kraja a identifikácia kľúčových problémov spojených s vytvorením klastra. Klastre v Slovenskej republike.

Saved in:
Bibliographic Details
Main Author: Havierniková, Katarína
Other Authors: Kordoš, Marcel
Format: Book Chapter
Language:Slovak
Subjects:
Tags: Add Tag
No Tags, Be the first to tag this record!

MARC

LEADER 00000naa a2200000 4500
001 0181821
005 20231211131600.3
041 0 |a slo 
044 |a SK 
245 1 0 |a Aplikácia Shift-Share analýzy pre identifikáciu odvetví vhodných pre vznik klastrov v Trenčianskom kraji  |c Katarína Havierniková, Marcel Kordoš 
520 |a Identifikácia potenciálnych odvetví Trenčianskeho kraja a identifikácia kľúčových problémov spojených s vytvorením klastra. Klastre v Slovenskej republike. 
610 2 0 |a klaster 
610 2 0 |a Slovensko 
610 2 0 |a výhody komparatívne 
610 2 0 |a spolupráca podnikov 
610 2 0 |a spolupráca regionálna 
610 2 0 |a kooperácia 
610 2 0 |a kooperácia medzipodniková 
100 1 |a Havierniková, Katarína 
700 1 |a Kordoš, Marcel